000 00712nam a22002177a 4500
999 _c5791
_d5791
003 OSt
005 20251111112753.0
008 251111b ||||| |||| 00| 0 eng d
020 _a9780007150342
040 _cKH8
082 0 4 _a823.92 JEF
100 1 _aJeffers, Oliver
_eAuthor
245 1 0 _aHow to catch a star
_cOliver Jeffers
260 _a1 London Bridge Street,London SE1 9GF
_bCollins
_c2005
300 _a32 pages
_bcolour illustration
_c25 cm x 26 cm
500 _aOriginally published: 2004.
520 _aONCE there was a boy and the boy loved stars very much... (Blurb)
650 0 _aStars
_vPictorial works
_vJuvenile fiction
655 0 _aChildren's stories
_vPictorial works
942 _2ddc
_cFIC